Intercultural communication and global integration

Guardado en:
Detalles Bibliográficos
Autor principal: Némethová, Ildikó, 1974-
Formato: Capítulo de libro
Lenguaje:inglés
Materias:
Etiquetas: Agregar Etiqueta
Sin Etiquetas, Sea el primero en etiquetar este registro!

MARC

LEADER 00000nla a2200000 4500
001 0183636
005 20240502083431.2
041 0 |a eng 
044 |a HU 
245 1 0 |a Intercultural communication and global integration  |c Ildikó Némethová 
610 2 0 |a komunikácia interkultúrna 
610 2 0 |a kompetencie 
610 2 0 |a kultúra 
610 2 0 |a globalizácia 
100 1 |a Némethová, Ildikó, 1974-